00737nam a2200181Ia 4500100002100000650002200021942000700043366000900050654002200059245003400081260003500115082002000150300000800170546001200178999001700190952016800207952018000375 aSinha/Pradeep K  aOperating systems cBK f17.5 aoperating systems aDistributed operating systems bprentice hallaNew Delhic2007 a005.43/SINbSIN a743 aENGLISH c21380d21380 001040708CRCaCRCEbCRCEd2023-03-17eEducational books and periodicalsg288.75i140 dt 08/01/2009l0o005.43/SIN SINp19267r2023-03-17v350.00w0000-00-00yBK 001040708CRCaCRCEbCRCEd2023-03-17eEducational books and periodicalsg288.75i140 dt 08/01/2009l1o005.43/SIN SINp19268r2024-12-04s2024-12-04v350.00w0000-00-00yBK